Highway drainage guidelines / (Record no. 547488)
[ view plain ]
| 000 -LEADER | |
|---|---|
| fixed length control field | 01379nam a2200169 a 4500 |
| 020 ## - INTERNATIONAL STANDARD BOOK NUMBER | |
| International Standard Book Number | 1560510188 (set) |
| 082 00 - DEWEY DECIMAL CLASSIFICATION NUMBER | |
| Classification number | 625.734 |
| Author Mark | TAS |
| -- | L-26 P-6 |
| 245 00 - TITLE STATEMENT | |
| Title | Highway drainage guidelines / |
| Statement of responsibility, etc. | [prepared by Task Force on Hydrology and Hydraulics, AASHTO Highway Subcommittee on Design] |
| 260 ## - PUBLICATION, DISTRIBUTION, ETC. | |
| Place of publication, distribution, etc. | Washington, D.C. : |
| Name of publisher, distributor, etc. | American Association of State Highway and Transportation Officials, |
| Date of publication, distribution, etc. | 1992. |
| 300 ## - PHYSICAL DESCRIPTION | |
| Extent | 11 v. in 1 : |
| Other physical details | ill. ; |
| Dimensions | 28 cm. |
| 505 0# - FORMATTED CONTENTS NOTE | |
| Formatted contents note | v. 1. Guidelines for hydraulic considerations in highway planning and location -- v. 2. Guidelines for hydrology -- v. 3. Guidelines for erosion and sediment control in highway construction -- v. 4. Guidelines for hydraulic design of culverts -- v. 5. Guidelines for the legal aspects of highway drainage -- v. 6. Guidelines for hydraulic analysis and design of open channels -- v. 7. Guidelines for hydraulic analysis for the location and design of bridges -- v. 8. Guidelines for hydraulic aspects in restoration and upgrading of highways -- v. 9. Guidelines for storm drain systems -- v. 10. Guidelines for evaluating effects on surface water environments -- [11] Glossary of highway-related drainage terms. |
| 526 ## - STUDY PROGRAM INFORMATION NOTE | |
| Program name | 0 |
| Interest level | 0 |
| Reading level | 0 |
| Title point value | 625_734000000000000_TAS |
| 650 #0 - SUBJECT ADDED ENTRY--TOPICAL TERM | |
| Topical term or geographic name entry element | MCE |
| 9 (RLIN) | 379 |
| 650 #0 - SUBJECT ADDED ENTRY--TOPICAL TERM | |
| Topical term or geographic name entry element | Road drainage. |
| 9 (RLIN) | 20171 |
| 710 2# - ADDED ENTRY--CORPORATE NAME | |
| Corporate name or jurisdiction name as entry element | American Association of State Highway and Transportation Officials. |
| 9 (RLIN) | 19553 |
| 942 ## - ADDED ENTRY ELEMENTS (KOHA) | |
| Source of classification or shelving scheme | |
| Koha item type | Book |
| Withdrawn status | Lost status | Source of classification or shelving scheme | Damaged status | Not for loan | Permanent Location | Current Location | Date acquired | Total Checkouts | Full call number | Barcode | Date last seen | Price effective from | Koha item type |
|---|---|---|---|---|---|---|---|---|---|---|---|---|---|
| Military College of Engineering (MCE) | Military College of Engineering (MCE) | 07/18/2014 | 625.734 TAS | MCE-5261 | 07/18/2014 | 07/18/2014 | Book |
